Historia universal contemporánea

Bewaard in:
Bibliografische gegevens
Hoofdauteur: Paredes, Javier (coordinador)
Formaat: Boek
Taal:Spaans
Gepubliceerd in: Barcelona, España Ariel 1999
Reeks:Ariel Historia
Onderwerpen:
Tags: Voeg label toe
Geen labels, Wees de eerste die dit record labelt!

MARC

LEADER 00000cam a2200000 a 4500
001 UCE2176
003 CL-VaPUC
005 20240425114446.0
008 140612e19990600sp |||||||||||||||||spa|d
999 |c 355839  |d 355837 
020 |a 8434466139v.2 
040 |c Pontificia Universidad Católica de Valparaíso 
082 0 7 |a 940.3 PAR 1999  |2 22 
100 |a Paredes, Javier  |e coordinador  |9 867725 
245 1 0 |a Historia universal contemporánea 
260 |a Barcelona, España  |b Ariel  |c 1999 
300 |a volúmenes 
490 0 |a Ariel Historia 
500 |a v.2: de la Primera Guerra Mundial a nuestros días 
583 |a last modification  |c 20140612 14:08:00  |k Rodrigo Vera 
650 0 |a Historia universal  |9 266877 
650 0 |a Historia contemporánea  |9 343224 
650 0 |a Guerra mundial, 1914-1918 (Primera guerra mundial)  |9 888587 
650 0 |a Período de entreguerras, 1918-1939  |9 888589 
650 0 |a Guerra mundial, 1939-1945 (Segunda guerra mundial)  |9 888586 
650 0 |a Guerra Fría  |9 319648  |v Unión Soviética (URSS) 
942 |c BK  |2 ddc 
945 |d 20140612 14:08:00  |a dcastane 
952 |0 0  |1 0  |2 ddc  |3 erb  |4 0  |6 940_300000000000000_PAR_1999  |7 0  |8 A  |9 462731  |a BIBHIS  |b BIBHIS  |h v.2  |i 508296K  |l 2  |m 1  |o 940.3 PAR 1999  |p 508296K  |r 2025-01-20  |s 2023-07-27  |t 1  |w 2019-11-23  |y BK  |z Catalogado en:20140612  |k HIS